Tipo de macrófago según órgano - Estadísticas

Estadísticas generales
  • Esta prueba ha sido intentada 11 veces
  • La puntuación promedio es 2 de 8
Estadísticas de respuestas
Órgano Macrófago % Correcto
Huesos Osteoclasto
100%
Cerebro Microglía
40%
Placenta Células de Hofbauer
20%
Hígado Células de Kupffer
20%
Alveolos pulmonares Células de polvo
20%
Bazo Células litorales
20%
Cavidad articular Sinoviocitos tipo A
20%
Riñon Células mesangiales
0%
No se encontraron pruebas coincidentes
Distribución de puntuación
Porcentaje de gente con cada puntuación
Porcentaje por número respondido
Historial de tus puntuaciones
No has intentado esta prueba.